Husool al-mamool min ilm al-usool (Record no. 469464)

MARC details
000 -LEADER
fixed length control field 00592nam a2200229Ia 4500
003 - CONTROL NUMBER IDENTIFIER
control field OSt
005 - DATE AND TIME OF LATEST TRANSACTION
control field 20220924152325.0
008 - FIXED-LENGTH DATA ELEMENTS--GENERAL INFORMATION
fixed length control field 220923b |||||||| |||| 00| 0 ara d
037 ## - SOURCE OF ACQUISITION
Terms of availability Textual
040 ## - CATALOGING SOURCE
Original cataloging agency ARTS
Transcribing agency ARTS
Language of cataloging ara
041 ## - LANGUAGE CODE
Source of code ara
Language code of text/sound track or separate title ara
100 ## - MAIN ENTRY--PERSONAL NAME
Personal name Siddeeq Sayed Mohammad Au.
9 (RLIN) 226386
245 #0 - TITLE STATEMENT
Title Husool al-mamool min ilm al-usool
260 ## - PUBLICATION, DISTRIBUTION, ETC.
Date of publication, distribution, etc. 1916
650 ## - SUBJECT ADDED ENTRY--TOPICAL TERM
Topical term or geographic name entry element ISLAM
9 (RLIN) 577
942 ## - ADDED ENTRY ELEMENTS (KOHA)
Classification part Q7, 28E6
Koha item type Textual
Source of classification or shelving scheme Colon Classification (CC)
Holdings
Withdrawn status Lost status Damaged status Not for loan Home library Current library Date acquired Total Checkouts Full call number Barcode Date last seen Price effective from Koha item type
        Arts Library Arts Library 2022-09-24   Q7 28E6 AL0031650 2022-09-24 2022-09-24 Textual
Copyright @ Delhi University Library System